Score 0/15 Timer 03:00
28 Plays Today
% Correct
Amazon
92.9%
Nile
92.8%
Niger
91.9%
Danube
91.6%
Mekong
90.2%
Indus
89.6%
Zambezi
88.4%
Volga
87.7%
% Correct
Mackenzie
86.8%
Dnieper
75.2%
Ob-Irtysh
71.7%
Amur
67.7%
Orinoco
66%
Kasai
64.1%
Lower Tunguska
61.2%

You're not logged in!

Compare scores with friends on all Sporcle quizzes.
OR
Log In

Sporcle TV

Today on Sporcle TV


Watch our educational content, quiz creation guides, and fun videos on Sporcle TV.

Show Comments

Extras

Top Quizzes Today


Score Distribution

Paid Content

Your Account Isn't Verified!

In order to create a playlist on Sporcle, you need to verify the email address you used during registration. Go to your Sporcle Settings to finish the process.

Report this User

Report this user for behavior that violates our Community Guidelines.

Details: